LEADER 01282nam a2200289 u 4500 001 000000077050 003 CaOOAMICUS 005 20070226123258.0 008 040116s1998 ne u000 u eng u 020 $a0792351878 035 $a10981123 040 $aPUL(R)$bita 245 00$aAlterity and facticity :$bnew perspectives on Husserl /$cedited by Natalie Depraz ... and Dan Zahavi .. 260 $aDordrecht :$bKluwer Academic Publishers,$cc1998. 300 $a236 p. ;$c24 cm 490 1 $aPhaenomenologica ;$v148 504 $aContiene indicazioni bibliografiche. 600 14$aHusserl, Edmund,$d1859-1938.$0(OLS)http://pul/subject/4949 700 1 $aZahavi, Dan.$0(OLS)http://pul/name/50609 700 1 $aDepraz, Natalie.$0(OLS)http://pul/name/51290 830 0$aPhaenomenologica ;$v148.$0(OLS)http://pul/title/17674 850 $aPUL 852 $aPUL$W1$xSL Filosofia 2$y80$mPhil A5 148$j98966$nBK-PRI$b $qStampati altre collocazioni$B98966$CPULBib$Z2$F98966 $HPUL90886 $81 941 1 $a10 996 $6020$a0792351878$9(OLS)http://pul/number/100996 996 $6245$aAlterity and facticity :$bnew perspectives on Husserl$9(OLS)http://pul/title/100983 996 $6260$aDordrecht :$bKluwer Academic Publishers$9(OLS)http://pul/publisher/64503 LEADER 01420nam a2200325 u 4500 001 000000048836 003 CaOOAMICUS 005 20151029131033.0 008 000601s1999 it u000 u ita u 020 $a8887231567 032 $aLibriCat 035 $a10849046 040 $aPUL$bita$dPUL(R) 245 02$aL'etica dell'idealismo :$bla filosofia morale italiana tra neohegelismo, attualismo e spiritualismo /$ca cura di Giovanni Chimirri ; scritti di B. Spaventa ... [et al.]. 260 $aMilano :$bMimesis,$cc1999. 300 $a191 p. ;$c21 cm 490 1 $aItinerari filosofici ;$v4 650 4$aIdealismo.$0(OLS)http://pul/subject/1790 650 4$aFilosofia morale.$0(OLS)http://pul/subject/560 700 1 $aChimirri, Giovanni,$d1959-$0(OLS)http://pul/name/32518 830 0$aIF. Itinerari filosofici (Mimesis) ;$v4.$0(OLS)http://pul/title/104740 850 $aPUL 852 $aPUL$W1$xSL Filosofia 1$y2$m85 E 74$j64988$nBK-PRI$b $qStampati$B64988$CPULBib$Z2$F64988 $H $81 941 1 $a8 961 $aINV: 81970 983 0$aItinerari filosofici (Mimesis) 996 $6020$a8887231567$9(OLS)http://pul/number/61571 996 $6245$aL'etica dell'idealismo :$bla filosofia morale italiana tra neohegelismo, attualismo e spiritualismo$9(OLS)http://pul/title/65825 996 $6260$aMilano :$bMimesis$9(OLS)http://pul/publisher/62763